Vista normal Vista MARC

Entrada Materia (personas)

Número de registros utilizados en: 1

001 - CONTROL NUMBER

  • control field: 103862

003 - CONTROL NUMBER IDENTIFIER

  • control field: Co-BoUCM

005 - DATE AND TIME OF LATEST TRANSACTION

  • control field: 20210617115644.0

008 - FIXED-LENGTH DATA ELEMENTS

  • fixed length control field: 210617|| aca||aabn | a|a d

040 ## - CATALOGING SOURCE

  • Original cataloging agency: Co-BoUCM
  • Transcribing agency: Co-BoUCM

100 ## - HEADING--PERSONAL NAME

  • Personal name: Díaz del Castillo, Bernal
  • Dates associated with a name: 1492-1584
  • Form subdivision: Biografías

670 ## - SOURCE DATA FOUND

  • Source citation: Work cat.: (Co-BoUCM)85667: Díaz del Castillo, Bernal 1492-1584 600, La conquista de Nueva España, 1853